Recherches sur l'histoire de l'astronomie ancienne / (Record no. 13105)

MARC details
000 -LEADER
campo de control de longitud fija 00788nam a2200217 i 4500
001 - NÚMERO DE CONTROL
campo de control 13105
003 - IDENTIFICADOR DE NÚMERO DE CONTROL
campo de control ES-MaACL
005 - FECHA Y HORA DE LA ÚLTIMA TRANSACCIÓN
campo de control 20250811094659.0
007 - CAMPO FIJO DE DESCRIPCIÓN FÍSICA--INFORMACIÓN GENERAL
campo de control de longitud fija t|
008 - DATOS DE LONGITUD FIJA--INFORMACIÓN GENERAL
campo de control de longitud fija 971204s1995 fr ||||1| fre d
020 ## - NÚMERO INTERNACIONAL ESTÁNDAR DEL LIBRO
Número Internacional Estándar del Libro 2-87647-182-5
080 ## - NÚMERO DE LA CLASIFICACIÓN DECIMAL UNIVERSAL
Número de la Clasificación Decimal Universal 52(38)(091)
100 1# - ENTRADA PRINCIPAL--NOMBRE DE PERSONA
Nombre de persona Tannery, Paul.
9 (RLIN) 109206
245 10 - MENCIÓN DEL TÍTULO
Título Recherches sur l'histoire de l'astronomie ancienne /
Mención de responsabilidad, etc. Paul Tannery.
260 ## - PUBLICACIÓN, DISTRIBUCIÓN, ETC.
Lugar de publicación, distribución, etc. Paris :
Nombre del editor, distribuidor, etc. Jacques Gabay,
Fecha de publicación, distribución, etc. cop. 1995.
300 ## - DESCRIPCIÓN FÍSICA
Extensión VII, 370 p. ;
Dimensiones 24 cm.
500 ## - NOTA GENERAL
Nota general Las Recherches sur l'histoire de l'astronomie ancienne han sido extraidas de las "Mémoires de la Société des Sciences physiques et naturelles de Bordeaux, t. I (4 série), 1893.
650 #7 - PUNTO DE ACCESO ADICIONAL DE MATERIA--TÉRMINO DE MATERIA
Término de materia o nombre geográfico como elemento de entrada Astronomía griega
Fuente del encabezamiento o término embne
9 (RLIN) 10392
852 ## - LOCALIZACIÓN
Ubicación ES-MaACL
Número de control de estantería L-20441
Sublocalización o colección R.125127
Holdings
Estatus retirado Estado de pérdida Estado de daño No para préstamo Biblioteca de origen Biblioteca actual Ubicación en estantería Fecha de adquisición Fuente de adquisición Total de préstamos Signatura topográfica completa Código de barras Visto por última vez Precio de reemplazo Tipo de ítem Koha
        Biblioteca del Ateneo de Madrid Biblioteca del Ateneo de Madrid Depósito 2 17/01/2008     L-20441 1013345 23/02/2023 23/02/2023 Libro impreso